| 000 | 00637nam a22001817a 4500 | ||
|---|---|---|---|
| 003 | OSt | ||
| 005 | 20251204071359.0 | ||
| 008 | 251204b |||||||| |||| 00| 0 eng d | ||
| 020 | _a978-971-06-5523-6 | ||
| 040 |
_aDWCL - Main Library _cOC |
||
| 082 |
_29th _aRes. 910 L313e 2022 |
||
| 100 | _aLapid, Milagros G. | ||
| 245 |
_aEcas : _benglish communication arts and skills through world literature 10 / _cMilagros G. Lapid |
||
| 260 |
_aQuezon City, Philippines : _bPhoenix publishing House, _cc2022 |
||
| 300 |
_axvi, 410 pages : _billustrations ; _c25 cm. |
||
| 650 | _a1. Philippine literature | ||
| 942 |
_2ddc _cBK-0 CIRC _e9th _mRes. _n0 |
||
| 999 |
_c6834 _d6834 |
||